| 000 | 01380nam a22002417a 4500 | ||
|---|---|---|---|
| 999 |
_c59797 _d59797 |
||
| 003 | Ge_BSU | ||
| 005 | 20230419144621.0 | ||
| 008 | 230419s1963 ge ||||| |||| 00| 0 geo d | ||
| 041 | _ageo | ||
| 080 | _a902.2(479.222.12) ღ-20 | ||
| 100 |
_aღამბაშიძე, ო. _917680 |
||
| 245 |
_aთხმორის განძი : _b[ამბროლაურის რ-ნი] / _c ო. ღამბაშიძე ; საქ. სსრ მეცნ. აკად. ივ. ჯავახიშვილის სახ. ისტ. ინ-ტი. |
||
| 264 |
_aთბილისი : _bსაქ. სსრ მეცნ. აკად. გამ-ბა, _c1963. |
||
| 300 |
_a95 გვ. : _b+ ტაბელები; _c21 სმ. |
||
| 504 | _aბიბლიოგრაფია შენიშვნებში. | ||
| 520 | _a რეზუმე რუსულ ენაზე | ||
| 653 | _aარქეოლოგიური გათხრები რაჭაში | ||
| 653 | _aქართული საგანძური | ||
| 653 | _aარქეოლოგია | ||
| 700 |
_aღამბაშიძე, ო. _eრედაქტორი _917681 |
||
| 710 |
_a საქ. სსრ მეცნ. აკადემია _bივ. ჯავახიშვილის სახ. ისტ. ინ-ტი. _917682 |
||
| 942 |
_2udc _cBK |
||